00520nam a2200133Ia 4500008004100000100002600041245008700067245008300154260005300237260000900290300001100299650001500310856006100325170221s9999 xx 000 0 und d aIrina Vasilevna Koval aImproving Dairy Plant Procurement in a Competitive Dairy Market of Primorsky Krai  cIrina Vasilevna Koval, Oksana Yuryevna Vinichuk, Svetlana Evgenievna Savostina bInternational Review of Management and Marketing c2016 a6 : 5S xMarketing. uhttp://www.econjournals.com/index.php/irmm/issue/view/83